Mít střechu nad hlavou. O zásadách a riziku bytové politiky.
Rozhovor o novej koncepcii bytovej politiky. Dôvody, prečo sa vláda rozhodla určiť zmocnenca pre bytovú politiku. Dočasnosť tejto funkcie. Zhodnotenie počtu bytov a ich rozmiestnenia. Nízke nájomné a vysoké dotácie v štátnych bytoch. Zapojenie bývania do trhovej ekonomiky ako zmysel súčasnej bytovej...
Gespeichert in:
| 1. Verfasser: | |
|---|---|
| Weitere Verfasser: | |
| Format: | Buchkapitel |
| Sprache: | Tschechisch |
| Schlagworte: | |
| Tags: |
Keine Tags, Fügen Sie das erste Tag hinzu!
|
MARC
| LEADER | 00000naa a2200000 4500 | ||
|---|---|---|---|
| 001 | r001948 | ||
| 005 | 20220909074246.0 | ||
| 041 | 0 | |a cze | |
| 044 | |a [CS] | ||
| 245 | 1 | 0 | |a Mít střechu nad hlavou. |b O zásadách a riziku bytové politiky. |c O. Karen, R. Kostka |
| 520 | |a Rozhovor o novej koncepcii bytovej politiky. Dôvody, prečo sa vláda rozhodla určiť zmocnenca pre bytovú politiku. Dočasnosť tejto funkcie. Zhodnotenie počtu bytov a ich rozmiestnenia. Nízke nájomné a vysoké dotácie v štátnych bytoch. Zapojenie bývania do trhovej ekonomiky ako zmysel súčasnej bytovej politiky. Problematika reprivatizácie a privatizácie bytov. Hospodárenie s bytmi, ktoré ostanú vlastníctvom obce. Formy regulácie nájomného. | ||
| 610 | 2 | 0 | |a byty |
| 610 | 2 | 0 | |a riziko |
| 610 | 2 | 0 | |a hospodárstvo bytové |
| 610 | 2 | 0 | |a nájomné |
| 610 | 2 | 0 | |a dotácie |
| 610 | 2 | 0 | |a hospodárstvo trhové |
| 610 | 2 | 0 | |a privatizácia |
| 610 | 2 | 0 | |a ČSFR |
| 100 | 1 | |a Karen, O. | |
| 700 | 1 | |a Kostka, R. | |